1382 1239 1085 1005 1101 1573 1338 1368 1536 1139 1971 1379 1327 1015 1270 1848 1742 1673 1601 1367 1971 1358 1788 1279 1791 1236 1151 1929 1216 1709 1513 1138 1644 1082 1490 1949 1389 1769 1032 1499 1467 1584 1351 1097 1456 1053 1363 1223 1003 1252 1754 1954 1507 1319 1771 1362 1554 1857 1458 1473 1761 1883 1718 1131 1412 1215 1584 1309 1892 1630 1446 1901 1939 1906 1712 1311 1905 1597 1300 1345 1112 1879 1730 1787 1816 1284 1409 1262 1942 1744 1547 1126 1249 1074 1452 1261 1980 1260 1327 BCNSPRNW ULIB Ver.6.0+V

เปลี่ยนเป็นภาษาไทย

Change to English
 แสดงรายละเอียดบรรณานุกรม
  กลับหน้าหลัก

Brief Record : Get Marc (ISO 2709) : E-mail record : QR code < ปิดหน้าต่าง
LEADER : 00000nam 2200000uu 4500
001    13399125943
003     ULIB
008    020711s2560 th a 000 0 tha d
020    ^a9786162799754
060    ^aWS105^bช495อ
100    ^aชาญวิทย์ พรนภดล
245    ^aอยู่อย่างสุขกับลูกสมาธิสั้น
250    พิมพ์ครั้งที่ 2
260    ^aกรุงเทพฯ :^b4ภาควิชาจิตเวชศาสตร์ คณะแพทยศาสตร์ศิริราชพยาบาล มหาวิทยาลัยมหิดล,^c2560
300    52 หน้า;^b21 ซม.
650    ^aเด็กสมาธิสั้น-การดูแล
945    ^p0^l0^i003378
945    ^p0^l0^i003379
945    ^p0^l0^i003380
945    ^p0^l0^i003381
945    ^p0^l0^i003382
945    ^p0^l0^i003383
945    ^p0^l0^i003384
999    ^aประนอม เกษจรัล
รายการนี้ยังไม่มีแท็ก
คุณยังไม่ได้ล็อกอิน คุณสามารถมีกิจกรรมร่วมกับเว็บไซต์ได้ แต่ต้องล็อกอินก่อน ::
  ล็อกอิน

รายการสื่อสารสนเทศ

ลำดับที่ ประเภท เลขเรียก/บาร์โค้ด สถานที่ สถานะ
1. วิทยาศาสตร์การแพทย์ และสุขภาพ
วิทยาศาสตร์การแพทย์ และสุขภาพ
WS105 ช495อ ฉ.1 
  Barcode: 003378
ห้องสมุดวิทยาเขตนครสวรรค์
►หนังสือทั่วไป:l:General Books
บนชั้น
2. วิทยาศาสตร์การแพทย์ และสุขภาพ
วิทยาศาสตร์การแพทย์ และสุขภาพ
WS105 ช495อ ฉ.2 
  Barcode: 003379
ห้องสมุดวิทยาเขตนครสวรรค์
►หนังสือทั่วไป:l:General Books
บนชั้น
3. วิทยาศาสตร์การแพทย์ และสุขภาพ
วิทยาศาสตร์การแพทย์ และสุขภาพ
WS105 ช495อ ฉ.3 
  Barcode: 003380
ห้องสมุดวิทยาเขตนครสวรรค์
►หนังสือทั่วไป:l:General Books
บนชั้น
4. วิทยาศาสตร์การแพทย์ และสุขภาพ
วิทยาศาสตร์การแพทย์ และสุขภาพ
WS105 ช495อ ฉ.4 
  Barcode: 003381
ห้องสมุดวิทยาเขตนครสวรรค์
►หนังสือทั่วไป:l:General Books
บนชั้น
5. วิทยาศาสตร์การแพทย์ และสุขภาพ
วิทยาศาสตร์การแพทย์ และสุขภาพ
WS105 ช495อ ฉ.5 
  Barcode: 003382
ห้องสมุดวิทยาเขตนครสวรรค์
►หนังสือทั่วไป:l:General Books
บนชั้น
6. วิทยาศาสตร์การแพทย์ และสุขภาพ
วิทยาศาสตร์การแพทย์ และสุขภาพ
WS105 ช495อ ฉ.6 
  Barcode: 003383
ห้องสมุดวิทยาเขตนครสวรรค์
►หนังสือทั่วไป:l:General Books
บนชั้น
7. วิทยาศาสตร์การแพทย์ และสุขภาพ
วิทยาศาสตร์การแพทย์ และสุขภาพ
WS105 ช495อ ฉ.7 
  Barcode: 003384
ห้องสมุดวิทยาเขตนครสวรรค์
►หนังสือทั่วไป:l:General Books
บนชั้น

รายการใกล้เคียง
    ชื่อเรื่อง [อยู่อย่างสุขกับลูกสมาธิสั้น]

    หัวเรื่อง [เด็กสมาธิสั้น-การดูแล]

BibComment


ยังไม่เคยถูกคอมเมนท์

คอมเมนท์ทรัพยากรรายการนี้
  คอมเมนท์: อยู่อย่างสุขกับล..


 Copyright 2026. Bcnsprnw @Library